Cosmic quest / (Record no. 57533)
[ view plain ]
| 000 -LEADER | |
|---|---|
| fixed length control field | 00790nam a22002297a 4500 |
| 005 - DATE AND TIME OF LATEST TRANSACTION | |
| control field | 20111011142756.0 |
| 010 ## - LCCN (DPL NO) | |
| LC control number | G-001728 |
| 020 ## - INTERNATIONAL STANDARD BOOK NUMBER | |
| Terms of availability | 90.00 |
| International Standard Book Number | 8186017283 |
| 035 ## - SYSTEM CONTROL NUMBER | |
| System control number | G-001728 |
| 037 ## - SOURCE OF ACQUISITION | |
| Source of stock number/acquisition | Gift |
| 082 ## - DEWEY DECIMAL CLASSIFICATION NUMBER | |
| Classification number | 574.999 |
| 100 ## - MAIN ENTRY--PERSONAL NAME | |
| Personal name | Ghose, Partha |
| 245 ## - TITLE STATEMENT | |
| Title | Cosmic quest / |
| Statement of responsibility, etc | by Partha Ghose |
| 260 ## - PUBLICATION, DISTRIBUTION, ETC. (IMPRINT) | |
| Place of publication, distribution, etc | Calcutta |
| Name of publisher, distributor, etc | Thema |
| Date of publication, distribution, etc | 2000 |
| 270 ## - ADDRESS | |
| Address | 46 Satish Mukherjee Road |
| City | Calcutta |
| Postal code | 700026 |
| 300 ## - PHYSICAL DESCRIPTION | |
| Extent | 89p. |
| Dimensions | 22cm (pbk) |
| Other physical details | photos |
| 500 ## - GENERAL NOTE | |
| General note | Includes index |
| 650 ## - SUBJECT ADDED ENTRY--TOPICAL TERM | |
| Topical term or geographic name as entry element | English Poetry |
| 942 ## - ADDED ENTRY ELEMENTS (KOHA) | |
| Source of classification or shelving scheme | Dewey Decimal Classification |
| Item type | Children Books |
| Classification part | 574.999 |
| Call number suffix | GHO |
| Withdrawn status | Lost status | Not for loan | Collection code | Home library | Current library | Date acquired | Source of acquisition | Cost, normal purchase price | Full call number | Barcode | Copy number | Cost, replacement price | Koha item type |
|---|---|---|---|---|---|---|---|---|---|---|---|---|---|
| Non-fiction | Janak Puri | Janak Puri | 11/10/2011 | gift | 90.00 | 574.999 GHO | G-001728 | 1 | 90.00 | Children Books |
